| 000 | 01026cam a22002893a 4500 | ||
|---|---|---|---|
| 001 | 17690 | ||
| 003 | PGUSA | ||
| 005 | 20140828083358.0 | ||
| 008 | 060206s2006||||xxu|||||s|||||000 1 eng d | ||
| 040 |
_aPGUSA _beng |
||
| 042 | _adc | ||
| 050 | 4 | _aPS | |
| 100 | 1 |
_aLynde, Francis, _d1856-1930 |
|
| 245 | 1 | 4 |
_aThe Master of Appleby : _bA Novel Tale Concerning Itself in Part with the Great Struggle in the Two Carolinas; but Chiefly with the Adventures Therein of Two Gentlemen Who Loved One and the Same Lady _h[electronic resource] / _cFrancis Lynde |
| 260 |
_bProject Gutenberg, _c2006 |
||
| 506 | _aPublic domain in the USA. | ||
| 516 | _aElectronic text | ||
| 653 | _aHistorical fiction | ||
| 653 | _aNorth Carolina -- Fiction | ||
| 653 | _aSouth Carolina -- Fiction | ||
| 653 | _aTriangles (Interpersonal relations) -- Fiction | ||
| 653 | _aLove stories | ||
| 700 | 1 |
_aThulstrup, Thure de, _d1848-1930 |
|
| 830 | 0 |
_aProject Gutenberg _v17690 |
|
| 856 | 4 | 0 | _uhttp://www.gutenberg.org/ebooks/17690 |
| 942 | _cEB | ||
| 999 |
_c246945 _d246945 |
||